|
|
|
|
| LEADER |
00638cam a2200193 7i4500 |
| 001 |
0000048533 |
| 005 |
20250828090000.0 |
| 020 |
|
|
|a 9679786412 (pbk.)
|
| 090 |
0 |
0 |
|a K564.C6
|b J64 1998
|
| 100 |
1 |
|
|a Johnston, David
|
| 245 |
1 |
0 |
|a Cyber law
|c David Johnston, Sunny Handa, Charles Morgan.
|
| 260 |
|
|
|a Malaysia:
|b Pelanduk Publications,
|c 1998.
|
| 300 |
|
|
|a 282 p.;
|c 22 cm.
|
| 500 |
|
|
|a Gift: Puan Suriani Ahmad Hariri
|
| 500 |
|
|
|a Gift: Zainol Ahmad Resource Center
|
| 650 |
0 |
0 |
|a Computer networks --
|x Law and legislation
|
| 700 |
1 |
|
|a Morgan, Charles
|
| 700 |
1 |
|
|a Handa, Sunny
|
| 999 |
|
|
|a 0000067536
|b BOK
|c OPEN SHELF
|e 1st Floor, Bestari Jaya
|